100 Male Nudes

में बचाया:
ग्रंथसूची विवरण
स्वरूप: पुस्तक
भाषा:अज्ञात या अवैध भाषा
प्रकाशित: Köln: Taschen, 1996
टैग: टैग जोड़ें
कोई टैग नहीं, इस रिकॉर्ड को टैग करने वाले पहले व्यक्ति बनें!

MARC

LEADER 00000nam a2200000Ia 4500
001 103
003 NUMERAZIONE-ORIGINALE-BRESCIA
005 20260415145646.0
008 260206s9999 xx 000 0 und d
040 |c BRESCIA 
245 0 |a 100 Male Nudes 
260 |a Köln:  |b Taschen,  |c 1996 
500 |a The best of Physique Pictorial 
942 |2 ddc  |c BK  |n 0 
952 |0 0  |1 0  |2 ddc  |4 0  |6 16RAC1  |7 0  |9 28290  |a BS  |b BS  |d 2026-02-06  |i 103  |l 0  |o 1-6-Rac-1  |r 2026-02-06 22:40:32  |w 2026-02-06  |x [REVISIONARE]  |y BK 
999 |c 23985  |d 23985